000 01681nam a22004217a 4500
001 000101414
003 CHAP
005 20220329143521.0
008 100324s2010 mx r 00010 spa d
010 _a97877
011 _a98849
035 _a109534
040 _cCHAP
090 _aTesis
100 1 _aGarcía López, Marco Antonio.
_946224
245 1 0 _aAminoácidos neuroexcitadores, condición corporal, circunferencia escrotal y concentraciones sericas del LH en machos caprinos bajo fotoperiodos crecientes /
_c/por Marco Antonio García López.
260 _aBermejillo, Durango :
_bEl autor,
_c2010.
300 _a67 h. :
_bilus.
502 _aTesis (Ing. Agr. en Sistemas Pecuarios de Zonas Áridas) - UACH. Unidad Regional Universitaria de Zonas Áridas
590 _aALEPH
_b10
_c20130110
_lUCH01
_h1532
590 _aBATCH-UPD
_b10
_c20130110
_lUCH01
_h1122
590 _aBATCH-UPD
_b10
_c20130410
_lUCH01
_h0712
590 _aBATCH-UPD
_b10
_c20130914
_lUCH01
_h1509
590 _aBATCH-UPD
_b10
_c20140324
_lUCH01
_h1515
590 _aBATCH-UPD
_b10
_c20141002
_lUCH01
_h0842
590 _aCONVERSION
_b10
_c20130109
_lUCH01
_h1354
590 _aE11695DGD
_b10
_c20160504
_lUCH01
_h1430
590 _aE12093SGE
_b10
_c20130718
_lUCH01
_h0841
650 0 4 _aAminoacidos en nutricion animal.
_95342
650 0 4 _aGanado cabrío
_xAnatomía y fisiología.
_944992
650 0 4 _aGlutamato.
_948337
856 _3Finding aid
_uhttp://10.13.5.2/tesis/109534.pdf
_zTeclea aquí
901 _aBK
942 _cFOLL
942 _n0
949 _bBC
_cTES
_d33724002170413
_eTS2
_fc.2
_gDonaciØn
_h50598
_i109534
_sb
949 _bBC
_cTES
_d33724002171181
_eTS1
_gDonaciØn
_h50597
_i109534
_sb
999 _c97877
_d97877